The Docker Book Containerization is the New Virtualization (Record no. 12169)

MARC details
000 -LEADER
fixed length control field 00388nam a22001577a 4500
003 - CONTROL NUMBER IDENTIFIER
control field OSt
008 - FIXED-LENGTH DATA ELEMENTS--GENERAL INFORMATION
fixed length control field 240115b |||||||| |||| 00| 0 eng d
020 ## - INTERNATIONAL STANDARD BOOK NUMBER
International Standard Book Number 9789352138913
082 ## - DEWEY DECIMAL CLASSIFICATION NUMBER
Classification number 005.3 JAD
100 ## - MAIN ENTRY--PERSONAL NAME
Personal name TURNBULL,James
245 ## - TITLE STATEMENT
Title The Docker Book Containerization is the New Virtualization
250 ## - EDITION STATEMENT
Edition statement 2nd
260 ## - PUBLICATION, DISTRIBUTION, ETC. (IMPRINT)
Place of publication, distribution, etc New Delhi
Name of publisher, distributor, etc SPD
Date of publication, distribution, etc 2022
300 ## - PHYSICAL DESCRIPTION
Extent 386
942 ## - ADDED ENTRY ELEMENTS (KOHA)
Source of classification or shelving scheme Dewey Decimal Classification
Koha item type Text Books
Holdings
Withdrawn status Lost status Source of classification or shelving scheme Damaged status Not for loan Collection code Home library Current library Date acquired Source of acquisition Currency Cost, normal purchase price Bill Number Total Checkouts Full call number Acc. no. / Barcode Date last seen Actual Cost, discounted price Bill Date Koha item type Date last borrowed
    Dewey Decimal Classification     BCA PIET C-LIBRARY PIET C-LIBRARY 29/12/2023 Zafaa Books and Distributors In rupees 1400.00 ZBD0307   005.3 JAD BC2143 15/01/2024 1050.00 29/12/2023 Reference Books  
    Dewey Decimal Classification     BCA PIET C-LIBRARY PIET C-LIBRARY 29/12/2023 Zafaa Books and Distributors In rupees 1400.00 ZBD0307 3 005.3 JAD BC2144 07/06/2024 1050.00 29/12/2023 Text Books 23/04/2024

Design & Developed by: PIET Central Library
R70 Miles Stone Pattikalyana Samalkha Panipat 132102
mail ID :- [email protected], Phone No:- 0180-2569700 Ex.216